| LEADER 00000nam 2200000uu 4500 |
| 001 13399123848 |
| 003 BCNT |
| 008 260605s||||||||th 000 0 tha d |
| 020 9786164970731
|
| 060 0 QV100 ว420ก 2565
|
| 100 วสันต์ กาติ๊บ
|
| 245 1 ^aการใช้ยาต้านจุลชีพอย่างเหมาะสมในผู้ป่วยนอก /วสันต์ กาติ๊บ.
|
| 250 ^aพิมพ์ครั้งที่ 2.
|
| 260 ^aกรุงเทพฯ :^bจุฬาลงกรณ์มหาวิทยาลัย,^c2565.
|
| 300 ^a188 หน้า :^bภาพประกอบ ;^c26 ซม.
|
| 502 หนังสือเล่มนี้ผู้นิพนธ์ได้จัดทำขึ้นโดยมีจุมุ่งหมายอยู่สองประการคือ ประการแรกเพื่อให้นักศึกษาที่มีความสนใจในโรคติดเชื้อไว้อ่านประกอบการเรียนด้านโรคติดเชื้อในผู้ป่วยนอก ประการที่สอง เพื่อให้ผู้สนใจทั่วไปทั้ง เภสัชกร และบุคลากรทางด้านสาธารณสุขอื่นๆ ได้นำไปใช้ในการดูแลผู้ป่วยนอกโรคติดเชื้อให้มีประสิทธิภาพมากขึ้น
|
| 650 4 ^aการใช้ยา
|
| 650 4 ^aยาต้านจุลชีพ
|
| 999 ปรมินทร์
|